000 01067nam a2200205 i 4500
001 160003
003 ES-MaACL
005 20250716063317.0
008 000105s1888 sp af |||| | spa d
040 _aM-RACE
_bspa
_cM-RACE
_dCCPB | B
100 1 _aMontaldo y Peró, Federico,
_d1859-1912
_982342
245 1 3 _aLa primera cura :
_binstrucción y consejos prácticos para uso de todas las personas que en ausencia del médico tengan que asistir con urgencia cualquier accidente quirúrgico ... con varios grabados y un botiquín, que se describe ... con dos láminas litografiadas /
_ccpor Federico Montaldo.
260 _aMadrid :
_b[s.n.],
_c1888 (
_fImp. Fortanet)
300 _a74 p., [1] h. de grab. pleg. :
_bil. ;
_c16 cm.
530 _aDisponible en formato digital.
650 0 4 _aPrimeros auxilios.
_916404
852 _aES-MaACL
_jT-945-F-1
_z-- Enc. hol. conservando la cub. original
_z-- Enc. en un vol. facticio
856 _uhttp://bdh-rd.bne.es/viewer.vm?id=0000118009&page=1
_zBiblioteca Digital Hispánica
999 _c160003
_d160003